000 00482cam a2200181 4500
001 D13910
008 090401t1941 xxu||||| |||| 00| 0 eng d
035 _a(Sirsi) u12273
041 _aeng
100 _aSkinner, C. William
245 _aRent and mortgage emergency legislation, including a summery of cases recorded to 31 July, 1941
250 _a2nd
260 _aLondon
_bEstates Gazettes
_c1941
350 _a0
520 _aShelf 135
942 _n0
948 _c04/03/1997
999 _c86965
_d86965